New insights into business : students' book

Αποθηκεύτηκε σε:
Λεπτομέρειες βιβλιογραφικής εγγραφής
Κύριος συγγραφέας: Tullis, Graham
Άλλοι συγγραφείς: Trappe, Tonya
Μορφή: Βιβλίο
Γλώσσα:English
Δημοσίευση: [Harlow,] : Longman, [2000?].
Θέματα:
Ετικέτες: Προσθήκη ετικέτας
Δεν υπάρχουν, Καταχωρήστε ετικέτα πρώτοι!

MARC

LEADER 00000cam a2200000 i 4500
001 1/953
008 090820q2000 enk| ||| |||| ||eng||
020 |a 058233553-1 
035 |l 10105421 
040 |a GR-MyUa  |b gre  |e AACR2 
041 0 |a eng 
082 7 |a 428.202465   |2 (22) 
100 1 |a Tullis, Graham. 
245 1 0 |a New insights into business :   |b students' book /   |c Graham Tullis, Tonya Trappe.  
260 |a [Harlow,] :   |b Longman,   |c [2000?].  
300 |a 176 σ. :   |b εικ. ;   |c 28 εκ.  
500 |a "We would like to dedicate this book to the memory of our co-author and close friend Michael Lannon" 
500 |a Περιλαμβάνει ευρετήριο. 
650 0 0 |a English language  |x Business English. 
700 1 |a Trappe, Tonya. 
852 |a INST  |b CHIOS  |e 20090821  |h 428.202465 TUL  |p 005200029959  |q 005200029959  |t BK  |y 0 
852 |a INST  |b CHIOS  |e 20090821  |h 428.202465 TUL  |p 005200029963  |q 005200029963  |t BK  |y 0 
852 |a INST  |b CHIOS  |e 20090820  |h 428.202465 TUL  |p 005200029965  |q 005200029965  |t BK  |y 0 
901 |a BIBL2-2009-2 
970 |a ΣΠΕΝΤΖΑ  |b ΕΛΕΝΗ  |z 2009/08/20